FINANCE (Record no. 3299)
[ view plain ]
| 000 -LEADER | |
|---|---|
| fixed length control field | 00448nam a22001577a 4500 |
| 005 - DATE AND TIME OF LATEST TRANSACTION | |
| control field | 20250131135930.0 |
| 008 - FIXED-LENGTH DATA ELEMENTS--GENERAL INFORMATION | |
| fixed length control field | 250131b |||||||| |||| 00| 0 eng d |
| 020 ## - INTERNATIONAL STANDARD BOOK NUMBER | |
| International Standard Book Number | 9788120309180 |
| 050 ## - LIBRARY OF CONGRESS CALL NUMBER | |
| Classification number | HG 4027 |
| Item number | .3 PAN |
| 100 ## - MAIN ENTRY--PERSONAL NAME | |
| Personal name | PANDEY, I.M |
| 245 ## - TITLE STATEMENT | |
| Title | FINANCE |
| Remainder of title | A Management guide for managing company funds and profits |
| Statement of responsibility, etc. | I. M. PANDEY |
| 260 ## - PUBLICATION, DISTRIBUTION, ETC. | |
| Place of publication, distribution, etc. | NEW DELHI |
| Name of publisher, distributor, etc. | PHI LEARNING |
| Date of publication, distribution, etc. | c2009 |
| 300 ## - PHYSICAL DESCRIPTION | |
| Extent | ix, 236 p.; |
| 650 ## - SUBJECT ADDED ENTRY--TOPICAL TERM | |
| Source of heading or term | FINANCE |
| 942 ## - ADDED ENTRY ELEMENTS (KOHA) | |
| Source of classification or shelving scheme | Library of Congress Classification |
| Koha item type | Books |
| Suppress in OPAC | No |
| 999 ## - | |
| -- | 3299 |
| -- | 3299 |
| Withdrawn status | Lost status | Source of classification or shelving scheme | Damaged status | Not for loan | Collection | Home library | Current library | Shelving location | Date acquired | Total checkouts | Full call number | Barcode | Date last seen | Copy number | Price effective from | Koha item type |
|---|---|---|---|---|---|---|---|---|---|---|---|---|---|---|---|---|
| Library of Congress Classification | Non-fiction | Business Library (Miotso) | Business Library (Miotso) | Reference | 01/31/2025 | HG 4027.3 PAN | bssm00001489 | 03/19/2025 | 1 | 01/31/2025 | Books | |||||
| Library of Congress Classification | Non-fiction | Undergraduate Library (Christ Temple) | Undergraduate Library (Christ Temple) | General stacks | 01/31/2025 | HG 4027.3 PAN | ulct00001028 | 01/31/2025 | 1 | 01/31/2025 | Books | |||||
| Library of Congress Classification | Non-fiction | Undergraduate Library (Christ Temple) | Undergraduate Library (Christ Temple) | General stacks | 01/31/2025 | HG 4027.3 PAN | ulct00001029 | 01/31/2025 | 2 | 01/31/2025 | Books |